000 00955nam a2200253Ia 4500
003 OSt
005 20220923213104.0
006 a|||||r|||| 00| 0
007 ta
008 220922b |||||||| |||| 00| 0 hin d
024 _a158,845
037 _cTextual
040 _aARTS
_cARTS
_bhin
041 _2hin
_ahin
082 _aO152,1(Q223):g, L4
100 _aराय, पूर्णामासी
245 0 _aहिन्दी कृष्ण भक्ति साहित्य में मधुर भाव की उपासना
246 _aHindī kṛuṣhṇa bhakti sāhitya mean madhur bhāv kī upāsanā
260 _aइलाहाबाद
_b अभिनव प्रकाशन
_c1974
300 _a440पृ.
_ccm.
650 _aहिन्दी साहित्य
_9156264
942 _hO152,1(Q223):g, L4
_cTEXL
_2CC
999 _c313592
_d313592